路線名 一覧クイズ 京都府 - Statistics

General Stats
  • This quiz has been taken 123 times
    37 since last reset
  • The average score is 21 of 26
Answer Stats
事業者名 答え 区間 % Correct
JR東海 東海道新幹線 京都
100%
JR西日本 山陰本線 京都~上夜久野
100%
JR西日本 東海道本線 山科~山崎
100%
近畿日本鉄道 京都線 京都〜山田川
100%
JR西日本 奈良線 京都~木津(全線)
96%
京都市交通局 烏丸線 国際会館~竹田(全線)
96%
京都市交通局 東西線 六地蔵~太秦天神川(全線)
96%
京阪電鉄 京阪本線 橋本~三条
93%
京阪電鉄 宇治線 中書島~宇治(全線)
89%
JR西日本 舞鶴線 綾部~東舞鶴(全線)
86%
阪急電鉄 京都本線 大山崎~京都河原町
86%
阪急電鉄 嵐山線 桂~嵐山(全線)
86%
JR西日本 関西本線 木津~月ヶ瀬口
82%
JR西日本 片町線(学研都市線) 松井山手~木津
82%
JR西日本 湖西線 山科
82%
JR西日本 福知山線 福知山
82%
JR西日本 小浜線 東舞鶴~松尾寺
75%
叡山電鉄 叡山本線 出町柳~八瀬比叡山口(全線)
71%
京阪電鉄 鴨東線 三条~出町柳(全線)
71%
叡山電鉄 鞍馬線 宝ケ池~鞍馬(全線)
68%
WILLER TRAINS 宮津線 西舞鶴~久美浜
68%
京阪電鉄 京津線 御陵~四宮
64%
WILLER TRAINS 宮福線 福知山~宮津(全線)
61%
京福電気鉄道 北野線 北野白梅町~帷子ノ辻(全線)
54%
京福電気鉄道 嵐山本線 四条大宮~嵐山(全線)
50%
中小私鉄 嵯峨野観光線(嵯峨野観光鉄道) トロッコ嵯峨~トロッコ亀岡(全線)
29%
No matching quizzes found
Score Distribution
Percent of People with Each Score
Percentile by Number Answered
Your Score History
You have not taken this quiz since the last reset